000 00480nam a2200181Ia 4500
005 20250923144504.0
008 008 250917s9999 xx 000 0 eng d
037 _aTextual
040 _aDSWL
_beng
_cDSWL
041 _aeng
_2eng
084 _qDSWL
245 0 _apart-I A report Uttar Pardesh
_cby Census of India 1971
260 _aAllahabad
_bGovt Press Allahabad
_c1953
300 _axxix,497p.
490 _vVol-II
942 _cTEXL
999 _c1439537
_d1439537